000 00625nam a2200217Ia 4500
008 191130s2004##################000#0#eng##
020 _a8177558277
040 _aACL
_cACL
082 _a305.42 GET
245 _aFeminism : an essential reading
_cedited by R. G. Gettel and W. A. Dunning
260 _aNew Delhi
_bCosmo Publications
_cc2004
300 _a338 p. ; 23 cm
500 _aIncludes bibliographical references
650 _aFeminism
650 _aWomen's Rights
700 _aDunning, W. A
700 _aGettel, R. G
990 _ab026bd72ac10000c1ec59b8a7afb99a5
991 _a223873
999 _c182572
_d182572